Nấu ăn gia đình Kĩ thuật chế biến các món ăn ngon và bổ dưỡng thường dùng hằng ngày

Αποθηκεύτηκε σε:
Λεπτομέρειες βιβλιογραφικής εγγραφής
Κύριος συγγραφέας: Thanh Thanh
Μορφή: Βιβλίο
Γλώσσα:Undetermined
Έκδοση: Đà Nẵng Nxb. Đà Nẵng 1998
Θέματα:
Ετικέτες: Προσθήκη ετικέτας
Δεν υπάρχουν, Καταχωρήστε ετικέτα πρώτοι!
Thư viện lưu trữ: Trung tâm Học liệu Trường Đại học Cần Thơ
LEADER 00634nam a2200205Ia 4500
001 CTU_40653
008 210402s9999 xx 000 0 und d
020 |b 21.000đ 
082 |a 641.5 
082 |b Th107n 
100 |a Thanh Thanh 
245 0 |a Nấu ăn gia đình 
245 0 |b Kĩ thuật chế biến các món ăn ngon và bổ dưỡng thường dùng hằng ngày 
245 0 |c Thanh Thanh 
260 |a Đà Nẵng 
260 |b Nxb. Đà Nẵng 
260 |c 1998 
650 |a cookery, vietnamese 
904 |i Minh, 010323 
980 |a Trung tâm Học liệu Trường Đại học Cần Thơ